Newton to Einstein : the trail of light : an excursion to the wave-particle duality and the special theory of relativity (Record no. 7752)

000 -LEADER
fixed length control field 00593 a2200169 4500
020 ## - INTERNATIONAL STANDARD BOOK NUMBER
International Standard Book Number 0521423236
040 ## - CATALOGING SOURCE
Original cataloging agency DLC
Language of cataloging DLC
082 00 - DEWEY DECIMAL CLASSIFICATION NUMBER
Classification number 535.15
100 1# - MAIN ENTRY--PERSONAL NAME
Personal name Baierlein, Ralph.
245 10 - TITLE STATEMENT
Title Newton to Einstein : the trail of light : an excursion to the wave-particle duality and the special theory of relativity
Statement of responsibility, etc. Ralph Baierlein.
250 ## - EDITION STATEMENT
Edition statement 1st pbk. ed.
260 ## - PUBLICATION, DISTRIBUTION, ETC.
Place of publication, distribution, etc. Cambridge, UK ;
-- New York :
Name of publisher, distributor, etc. Cambridge University Press,
Date of publication, distribution, etc. 2001.
300 ## - PHYSICAL DESCRIPTION
Extent xvi, 329 p. :
Other physical details ill. ;
Dimensions 25 cm.
650 #0 - SUBJECT ADDED ENTRY--TOPICAL TERM
Topical term or geographic name entry element Wave-particle duality.
650 #0 - SUBJECT ADDED ENTRY--TOPICAL TERM
Topical term or geographic name entry element Special relativity (Physics)
942 ## - ADDED ENTRY ELEMENTS (KOHA)
Koha item type Book
Call number prefix 535.15 BAI
Source of classification or shelving scheme
Holdings
Withdrawn status Lost status Damaged status Not for loan Collection code Permanent Location Current Location Shelving location Date acquired Source of acquisition Cost, normal purchase price Total Checkouts Total Renewals Full call number Barcode Date last seen Date last checked out Price effective from Koha item type
          Central Library (CL) Central Library (CL) General Stacks 04/06/2004 Allied Book Company 2226.20 1 1 535.15 BAI SEECS004308 03/20/2023 02/11/2022 01/05/2017 Book
© 2023 Central Library, National University of Sciences and Technology. All Rights Reserved.